| Tag |
First Indicator |
Second Indicator |
Subfields |
| LEADER |
00000cam a2200000 i 4500 |
| 001 |
in00003420587 |
| 006 |
m o d |
| 007 |
cr cn||||||||| |
| 008 |
130523s2014 enkad ob 001 0 eng|d |
| 005 |
20250816213248.9 |
| 020 |
|
|
|z 9780415644013
|
| 020 |
|
|
|a 9780203079737 (e-book)
|
| 035 |
|
|
|a (CaPaEBR)ebr10759819
|
| 035 |
|
|
|a (OCoLC)861532790
|
| 040 |
|
|
|a CaPaEBR
|b eng
|e rda
|e pn
|c CaPaEBR
|d UtOrBLW
|
| 050 |
1 |
4 |
|a TX359
|b .H83 2014eb
|
| 082 |
0 |
4 |
|a 363.8/2
|2 23
|
| 100 |
1 |
|
|a Hudson, Julie
|c (Accountant)
|
| 245 |
1 |
0 |
|a Food policy and the environmental credit crunch :
|b from soup to nuts /
|c Julie Hudson and Paul Donovan.
|
| 264 |
|
1 |
|a Abingdon, Oxon :
|b Routledge,
|c 2014.
|
| 300 |
|
|
|a 1 online resource (241 pages) :
|b illustrations
|
| 336 |
|
|
|a text
|b txt
|2 rdacontent
|
| 337 |
|
|
|a computer
|b c
|2 rdamedia
|
| 338 |
|
|
|a online resource
|b cr
|2 rdacarrier
|
| 504 |
|
|
|a Includes bibliographical references and index.
|
| 520 |
|
|
|a "The changing economic environment for the consumer that is emerging from the wreckage of the financial credit crunch plays directly into the importance of food spending. This is certainly true from the perspective of food prices in the short run, but also from the perspective of sustainability and reducing the impact of the environmental credit crunch. The economic changes we experience now have a bearing on our ability to manage the environmental credit crunch that looms. Food Policy and the Environmental Credit Crunch: From Soup to Nuts elaborates on the issues addressed in the authors' first book, From Red to Green?, and asks whether the financial credit crunch could ameliorate or exacerbate the emergent environmental credit crunch. The conclusion drawn here is that a significant and positive difference could be made by changing some of the ways in which we procure, prepare, and consume our food. Written by an economist and an investment professional, this book addresses the economic and environmental implications of how we treat food. The book examines each aspect of the 'food chain', from agriculture, to production and processing, retail, preparation, consumption and waste. "--
|c Provided by publisher.
|
| 588 |
|
|
|a Description based on print version record.
|
| 500 |
|
|
|a Electronic resource.
|
| 650 |
|
0 |
|a Nutrition policy.
|
| 650 |
|
0 |
|a Environmental policy.
|
| 650 |
|
0 |
|a Environmental economics.
|
| 650 |
|
0 |
|a Financial crises.
|
| 655 |
|
7 |
|a Electronic books.
|2 local
|
| 700 |
1 |
|
|a Donovan, Paul,
|d 1972-
|
| 710 |
2 |
|
|a ebrary, Inc.
|
| 776 |
0 |
8 |
|i Print version:
|a Hudson, Julie
|t Food policy and the environmental credit crunch : from soup to nuts.
|d Abingdon, Oxon : Routledge, 2014
|h xi, 227 pages
|z 9780415644013
|w (DLC) 2013013856
|
| 856 |
4 |
1 |
|u https://ebookcentral.proquest.com/lib/tamucs/detail.action?docID=1386418
|y Connect to the full text of this electronic book
|t 0
|
| 999 |
f |
f |
|s 58de9c82-d255-3dc2-a6d8-e3f25d823551
|i 5d208d59-4dba-3887-8d1d-26979e79688b
|t 0
|
| 999 |
|
|
|a MARS
|
| 952 |
f |
f |
|a Texas A&M University
|b College Station
|c Electronic Resources
|d Available Online
|t 0
|e TX359 .H83 2014eb
|h Library of Congress classification
|
| 998 |
f |
f |
|a TX359 .H83 2014eb
|t 0
|l Available Online
|